Aktuálny vývoj príjmovej nerovnosti na Slovensku

Podrobná bibliografia
Hlavní autori: Sipko, Juraj, 1952- (Autor), Sipková, Ľubica, 1962- (Autor)
Médium: Článok
Jazyk:slovenčina

MARC

LEADER 00000nab a2200000 a 4500
001 vtls011128927
003 SK-MaSNL
005 20260303223619.0
008 230218|2010 xo |||||||||||||||||slo|
015 |a SNBRB 
035 |a (uuid)6e701ab6-993b-4654-b32f-72ecf07053ee 
035 |a (urnnbn)urn:nbn:sk:snk:ar-a09i9s 
035 |a urn:nbn:sk:snk-aba6jk 
040 |a SNKBUCL  |b slo  |c SNKBUCL  |e AACR2 
041 0 |a slo 
044 |a xo  |c SK 
100 1 |a Sipko, Juraj,  |d 1952-  |4 aut  |9 239748 
245 1 0 |a Aktuálny vývoj príjmovej nerovnosti na Slovensku  |c Juraj Sipko, Ľubica Sipková 
246 3 |a Recent trends in income inequality in Slovakia 
700 1 |a Sipková, Ľubica,  |d 1962-  |4 aut  |9 158419 
773 0 |t Forum statisticum Slovacum  |g Roč. 6, č. 5 (2010), s. 218-223 
954 |a odborná, vedecká literatúra pôvodná (slovenská)  |2 lita 
958 |a OND 
958 |a EUIPO 
958 |a article13 
999 |c 2248556  |d 2250486